000 00709nam a2200193 a 4500
003 0
005 20250407115002.0
008 071126s19uu xx 00 eng d
050 _aPHS QK 725
_b.T44 2007
100 _aTee, Lendyl Lloyd Barrientos.
245 _aThe effect of virgin coconut oil (VCO) on onion (allium cepa) root tip mitosis /
_cLendyl Lloyd Barrientos Tee.
260 _aLas PiƱas City, Philippines :
_bSouthville International School and Colleges,
_c2007.
300 _a39 pages :
_billustrations ;
_c28 cm.
504 _aIncludes bibliographical references.
650 _aCoconut oil
_xPhysiological effect.
650 _aMitosis.
650 _aAllium cepa
_xCytology.
942 _2lcc
_cPASS
999 _c97887
_d97887